Ang bahay na maraming klasrum = (Record no. 13850)

000 -LEADER
fixed length control field 00657nam a2200169 4500
020 ## - ISBN
ISBN 9786218098213
082 ## - DEWEY DECIMAL CLASSIFICATION NUMBER
Classification number Fil. 899.211 E9373b 2022
100 ## - MAIN ENTRY--PERSONAL NAME
Personal name Evasco, Eugene Y.
245 ## - TITLE STATEMENT
Title Ang bahay na maraming klasrum =
Remainder of title The house of many classrooms /
Statement of responsibility, etc. story by Eugene Y. Evasco ; illustrated by Danielle Florendo
260 ## - PUBLICATION, DISTRIBUTION, ETC. (IMPRINT)
Place of publication, distribution, etc. Quezon City
Name of publisher, distributor, etc. Johnny and Hansel Publications
Date of publication, distribution, etc. c2022
300 ## - PHYSICAL DESCRIPTION
Extent/Page number 29 pages :
Other physical details chiefly color illustrations ;
Dimensions 25 x 17.5 cm
526 ## - STUDY PROGRAM INFORMATION NOTE
PROGRAM TYPE Literature (plays, poems, essays, literature in foreign languages)
650 ## - SUBJECT ADDED ENTRY--TOPICAL TERM
Topical term or geographic name as entry element Early childhood education -- Parent participation
650 ## - SUBJECT ADDED ENTRY--TOPICAL TERM
Topical term or geographic name as entry element Children's stories, Tagalog
650 ## - SUBJECT ADDED ENTRY--TOPICAL TERM
Topical term or geographic name as entry element Children's stories, Philippine (English)
942 ## - ADDED ENTRY ELEMENTS
Classification
Item type Book
Holdings
Withdrawn status Lost status Source of classification or shelving scheme Damaged status Not for loan Collection code Permanent Location Current Location Shelving location Date acquired Source of acquisition Full call number Barcode Date last seen Price effective from Item type
          Filipiniana Grade School Library Grade School Library Filipiniana 2026-02-05 MIBF Fil. 899.211 E9373a 2022 GS5721 2026-02-05 2026-02-05 Book